Lego Harry Potter set names Quiz Stats

 Plays Quiz not verified by Sporcle

Support Sporcle.
Go Orange.
Score 0/10 Timer 04:00
0 Plays Today
% Correct
Hogwarts
69.1%
Hagrid's Hut
61.8%
Hogwarts Express
58.2%
The Burrow
52.7%
Diagon Alley
52.7%
Hogwarts Castle
43.6%
Freeing Dobby
41.8%
Knight Bus
40%
Quidditch Match
32.7%
Forbidden Forest
25.5%

You're not logged in!

Compare scores with friends on all Sporcle quizzes.
OR
Log In

From the Vault

Hidden Countries of Europe

by teedslaststand

Malta takes gold in hide-and-go-seek at every single Olympics.
Remove Ads.
Support Sporcle.
Get the best of Sporcle when you Go Orange. This ad-free experience offers more features, more stats, and more fun while also helping to support Sporcle. Thank you for becoming a member.

Show Comments

Extras

Created Feb 18, 2011ReportNominate
Tags:lego, set

Top Quizzes Today


Score Distribution

Your Account Isn't Verified!

In order to create a playlist on Sporcle, you need to verify the email address you used during registration. Go to your Sporcle Settings to finish the process.

Report this User

Report this user for behavior that violates our Community Guidelines.

Details: